GCSE Science Foundation and Higher Tiers. (Record no. 3390)

MARC details
000 -LEADER
fixed length control field 00378nam a22001217a 4500
005 - DATE AND TIME OF LATEST TRANSACTION
control field 20201130151756.0
008 - FIXED-LENGTH DATA ELEMENTS--GENERAL INFORMATION
fixed length control field 201130b ||||| |||| 00| 0 eng d
020 ## - INTERNATIONAL STANDARD BOOK NUMBER
International Standard Book Number 185749427X
040 ## - CATALOGING SOURCE
Transcribing agency CML
245 ## - TITLE STATEMENT
Title GCSE Science Foundation and Higher Tiers.
Statement of responsibility, etc. Lister T.
260 ## - PUBLICATION, DISTRIBUTION, ETC.
Place of publication, distribution, etc. Chesterton Mill
Name of publisher, distributor, etc. Pearson Publication
Date of publication, distribution, etc. 1997
942 ## - ADDED ENTRY ELEMENTS (KOHA)
Source of classification or shelving scheme Dewey Decimal Classification
Koha item type Books
Edition 1st Edition
Classification part 500
Call number suffix LIS
Holdings
Withdrawn status Lost status Source of classification or shelving scheme Damaged status Not for loan Collection code Home library Current library Shelving location Date acquired Total Checkouts Full call number Date last seen Copy number Price effective from Koha item type
    Dewey Decimal Classification     Natural Sciences & Mathematics Chalimbana Main Library Chalimbana Main Library Natural Sciences & Mathematics 11/30/2020   500 LIS 11/30/2020 1 11/30/2020 Books

Powered by Koha